[Event "Torneo Zonal FIDE 2.5 Masculino 2011"]
[Site "Asuncion PAR"]
[Date "2011.05.24"]
[Round "9.9"]
[White "Valdes Escobar, Alvaro"]
[Black "Roselli Mailhe, Bernardo"]
[Result "1/2-1/2"]
[WhiteElo "2419"]
[BlackElo "2437"]
[PlyCount "102"]
[EventDate "2011.05.16"]
[EventType "swiss"]
[EventRounds "9"]
[EventCountry "PAR"]
[Source "lmi"]
[SourceDate "2011.05.16"]

1. c4 Nf6 2. Nf3 g6 3. d4 Bg7 4. g3 O-O 5. Bg2 d6 6. O-O Nc6 7. Nc3 a6 8. Qd3
Bg4 9. h3 Bxf3 10. Bxf3 Nd7 11. e3 e5 12. d5 Ne7 13. e4 f5 14. Bg2 f4 15. Bd2
a5 16. Na4 Qb8 17. a3 Qa7 18. Kh2 Qd4 19. Qc2 c6 20. dxc6 Nxc6 21. b4 axb4 22.
axb4 fxg3+ 23. fxg3 Rf2 24. Rxf2 Qxa1 25. Nb2 Nd4 26. Qc1 Qa2 27. c5 dxc5 28.
Bf1 b5 29. bxc5 Rc8 30. Nd3 Qb3 31. Be3 Qe6 32. h4 Nf6 33. Bh3 Ng4+ 34. Bxg4
Qxg4 35. Bxd4 exd4 36. Qf4 Qe6 37. e5 Qd5 38. Qf3 Qc4 39. Qe4 Re8 40. Re2 Bh6
41. h5 Be3 42. hxg6 Re6 43. gxh7+ Kh8 44. g4 Rh6+ 45. Kg3 Qf7 46. Qf5 Qb3 47.
Qf8+ Kxh7 48. Qe7+ Kg8 49. Qe8+ Kg7 50. Qe7+ Kg8 51. Qe8+ Kg7 1/2-1/2

[Event "Torneo Zonal FIDE 2.5 Masculino 2011"]
[Site "Asuncion PAR"]
[Date "2011.05.24"]
[Round "9.11"]
[White "Richter Becerra, Hans"]
[Black "Roman, Rodrigo"]
[Result "0-1"]
[WhiteElo "2148"]
[BlackElo "1986"]
[PlyCount "114"]
[EventDate "2011.05.16"]
[EventType "swiss"]
[EventRounds "9"]
[EventCountry "PAR"]
[Source "lmi"]
[SourceDate "2011.05.16"]

1. e4 d6 2. d4 Nf6 3. Nc3 g6 4. Be3 c6 5. a4 b6 6. h3 Bb7 7. Nf3 a6 8. e5 dxe5
9. dxe5 Nd5 10. Nxd5 cxd5 11. Qd4 Nc6 12. Qf4 Bg7 13. c3 O-O 14. Bd3 f6 15.
exf6 exf6 16. O-O Ne5 17. Be2 Rc8 18. Qb4 Re8 19. Qxb6 Qd7 20. Rfd1 Rb8 21. Qd4
f5 22. Nxe5 Bxe5 23. Qd2 Qc7 24. Bf3 d4 25. Bxd4 Bh2+ 26. Kh1 Bxf3 27. gxf3 Bf4
28. Qd3 Qc6 29. Rg1 Rxb2 30. Rab1 Rd2 31. Rb6 Qxb6 32. Qxd2 Bxd2 33. Bxb6 Bxc3
34. Rc1 Re1+ 35. Rxe1 Bxe1 36. Kg2 Kf7 37. Kf1 Bb4 38. Ke2 Ke6 39. Kd3 Kd5 40.
Be3 Bc5 41. Kc3 Bxe3 42. fxe3 g5 43. Kd3 h5 44. a5 Ke5 45. Ke2 h4 46. Kf2 Kd5
47. Ke2 Kc4 48. e4 f4 49. Kd2 Kb4 50. Kd3 Kxa5 51. e5 Kb6 52. Ke4 Kc6 53. Kf5
Kd7 54. Kf6 Ke8 55. Ke6 a5 56. Kd5 a4 57. Kc4 g4 0-1

[Event "Torneo Zonal FIDE 2.5 Masculino 2011"]
[Site "Asuncion PAR"]
[Date "2011.05.24"]
[Round "9.12"]
[White "Peralta, Eduardo"]
[Black "Latorre, Manuel"]
[Result "1-0"]
[WhiteElo "2237"]
[BlackElo "2312"]
[PlyCount "75"]
[EventDate "2011.05.16"]
[EventType "swiss"]
[EventRounds "9"]
[EventCountry "PAR"]
[Source "lmi"]
[SourceDate "2011.05.16"]

1. d4 Nf6 2. Nf3 g6 3. Bf4 Bg7 4. e3 O-O 5. h3 d6 6. Be2 Nbd7 7. O-O Qe8 8. c4
e5 9. Bh2 Ne4 10. Nc3 Nxc3 11. bxc3 b6 12. a4 a5 13. Rb1 Ba6 14. Nd2 Qe7 15.
Bf3 Rad8 16. Re1 Kh8 17. Be2 f5 18. c5 Bxe2 19. cxd6 cxd6 20. Qxe2 Rc8 21. Nc4
Rc6 22. d5 Rc5 23. Nxb6 Nxb6 24. Rxb6 Qc7 25. Qa6 Rxd5 26. Reb1 Rc8 27. Kh1 h5
28. Rb7 Qxc3 29. Rxg7 Kxg7 30. Qb7+ Kh6 31. Qxd5 Qc2 32. Qd1 Qxf2 33. Qxd6 Rc2
34. Rg1 Qxe3 35. Bxe5 Qe4 36. Qf8+ Kg5 37. Qf6+ Kh6 38. h4 1-0

[Event "Torneo Zonal FIDE 2.5 Masculino 2011"]
[Site "Asuncion PAR"]
[Date "2011.05.24"]
[Round "9.13"]
[White "Goiriz, Y Damian"]
[Black "Daneri, Martin"]
[Result "0-1"]
[WhiteElo "2093"]
[BlackElo "2095"]
[PlyCount "56"]
[EventDate "2011.05.16"]
[EventType "swiss"]
[EventRounds "9"]
[EventCountry "PAR"]
[Source "lmi"]
[SourceDate "2011.05.16"]

1. Nf3 f5 2. g3 Nf6 3. Bg2 e6 4. O-O d5 5. c4 c6 6. d4 Bd6 7. Bf4 Bxf4 8. gxf4
Nbd7 9. Ne5 O-O 10. e3 Qe7 11. Nxd7 Bxd7 12. Nd2 Be8 13. cxd5 exd5 14. Qc2 Ne4
15. Nf3 Rf6 16. Ne5 Rh6 17. f3 Nd6 18. Rf2 g5 19. fxg5 Qxg5 20. f4 Qh4 21. Bf3
Bh5 22. Rg2+ Kh8 23. Kh1 Ne4 24. Rag1 Rf8 25. Bxe4 fxe4 26. Qc5 Qd8 27. Qxa7
Bf3 28. Qxb7 Rxh2+ 0-1

[Event "Torneo Zonal FIDE 2.5 Masculino 2011"]
[Site "Asuncion PAR"]
[Date "2011.05.24"]
[Round "9.14"]
[White "Mesias Rojas, Rabindranath"]
[Black "Heinechen, John"]
[Result "1/2-1/2"]
[WhiteElo "2205"]
[BlackElo "1799"]
[PlyCount "148"]
[EventDate "2011.05.16"]
[EventType "swiss"]
[EventRounds "9"]
[EventCountry "PAR"]
[Source "lmi"]
[SourceDate "2011.05.16"]

1. d4 Nf6 2. Nc3 d5 3. Bg5 Nbd7 4. Qd3 h6 5. Bh4 e6 6. e4 dxe4 7. Nxe4 Be7 8.
Nxf6+ Nxf6 9. O-O-O b6 10. Nf3 Bb7 11. Ne5 Nd7 12. Bg3 Nxe5 13. Bxe5 Bf6 14.
Qc3 c6 15. f4 O-O 16. Be2 Qe7 17. Bf3 Rac8 18. Qe3 Rfd8 19. Bxf6 Qxf6 20. Qe5
Qe7 21. Kb1 Qd6 22. Rhe1 Rc7 23. c3 Rcd7 24. Qxd6 Rxd6 25. Re5 Ba6 26. Rde1 Bc4
27. Kc2 Bd5 28. Bxd5 Rxd5 29. Kb3 Kf8 30. Kc4 a6 31. a4 g6 32. g4 R8d6 33. b4
Ke7 34. f5 b5+ 35. Kb3 gxf5 36. gxf5 Rxe5 37. dxe5 Rd5 38. f6+ Kf8 39. Re4 h5
40. c4 Rd3+ 41. Kc2 Rh3 42. axb5 Rxh2+ 43. Kd3 axb5 44. Rd4 Ke8 45. Rd6 bxc4+
46. Kxc4 Rc2+ 47. Kb3 Rc1 48. Ka4 Ra1+ 49. Kb3 Rb1+ 50. Ka3 Rc1 51. Kb2 Rc4 52.
Kb3 Rc1 53. Rd4 c5 54. Rh4 Rb1+ 55. Kc2 Rxb4 56. Rxh5 Rb7 57. Rh7 Rc7 58. Kc3
Kd8 59. Kc4 Kc8 60. Rh1 Kb7 61. Rd1 Kc6 62. Rd6+ Kb7 63. Rd8 Ka7 64. Re8 Kb7
65. Re7 Kc6 66. Rxc7+ Kxc7 67. Kxc5 Kd7 68. Kb6 Kd8 69. Kb7 Kd7 70. Kb6 Kd8 71.
Kb7 Kd7 72. Kb8 Kd8 73. Kb7 Kd7 74. Kb6 Kd8 1/2-1/2

[Event "Torneo Zonal FIDE 2.5 Masculino 2011"]
[Site "Asuncion PAR"]
[Date "2011.05.24"]
[Round "9.15"]
[White "Avalos Parra, Joao"]
[Black "Saldana, Fernando Javier"]
[Result "1-0"]
[WhiteElo "2251"]
[BlackElo "1742"]
[PlyCount "91"]
[EventDate "2011.05.16"]
[EventType "swiss"]
[EventRounds "9"]
[EventCountry "PAR"]
[Source "lmi"]
[SourceDate "2011.05.16"]

1. d4 Nf6 2. c4 e6 3. Nc3 d5 4. cxd5 exd5 5. Bg5 Be7 6. e3 c6 7. Bd3 Nbd7 8.
Qc2 b6 9. Nge2 Bb7 10. O-O O-O 11. f3 h6 12. Bf4 Nh5 13. Be5 a6 14. g4 Nhf6 15.
Bg3 c5 16. Rfe1 Re8 17. Nf4 Nf8 18. h4 N6h7 19. Qh2 cxd4 20. exd4 Bf6 21. Nce2
Ne6 22. Nxe6 Rxe6 23. Bf5 Rc6 24. g5 Be7 25. f4 Bb4 26. Red1 Bc8 27. Bd3 Bg4
28. a3 Bf8 29. Re1 Qd7 30. Nc3 Bxa3 31. Re5 Bb4 32. Rxd5 Qc8 33. Be1 Be6 34.
Re5 Bc4 35. Bxc4 Rxc4 36. Nd5 Qg4+ 37. Qg2 Qxg2+ 38. Kxg2 Rc2+ 39. Kf3 Bxe1 40.
Raxe1 Rxb2 41. Re8+ Rxe8 42. Rxe8+ Nf8 43. Ne7+ Kh7 44. Rxf8 Rb3+ 45. Ke4 Rb1
46. Rxf7 1-0

[Event "Torneo Zonal FIDE 2.5 Masculino 2011"]
[Site "Asuncion PAR"]
[Date "2011.05.24"]
[Round "9.16"]
[White "Gamarra, Ramon"]
[Black "Lipiniks, Leonardo"]
[Result "1/2-1/2"]
[WhiteElo "2009"]
[BlackElo "1852"]
[PlyCount "88"]
[EventDate "2011.05.16"]
[EventType "swiss"]
[EventRounds "9"]
[EventCountry "PAR"]
[Source "lmi"]
[SourceDate "2011.05.16"]

1. c4 c5 2. g3 g6 3. Bg2 Bg7 4. Nc3 Nc6 5. e3 Ne5 6. d3 d6 7. h3 Nf6 8. Nge2
O-O 9. f4 Nc6 10. O-O e5 11. a3 Re8 12. Rb1 a5 13. Kh2 Be6 14. Nd5 Bxd5 15.
cxd5 Ne7 16. Qb3 Qd7 17. a4 Nf5 18. e4 Nd4 19. Nxd4 exd4 20. Bd2 h5 21. Rbe1
Red8 22. Re2 Kh7 23. Bf3 Ra6 24. Rg1 Raa8 25. Be1 Bh6 26. Bd2 Ra6 27. Rge1 Kg7
28. Ra1 Kh7 29. Qb5 Raa8 30. Qc4 b6 31. Ra3 Qc7 32. Be1 h4 33. e5 hxg3+ 34.
Bxg3 Nh5 35. Bxh5 gxh5 36. Ra1 h4 37. Bxh4 Bxf4+ 38. Bg3 Bxg3+ 39. Kxg3 dxe5
40. Re4 Rg8+ 41. Kf2 Qe7 42. Rae1 Qf6+ 43. Ke2 Rg2+ 44. Kd1 Qh6 1/2-1/2

[Event "Torneo Zonal FIDE 2.5 Masculino 2011"]
[Site "Asuncion PAR"]
[Date "2011.05.24"]
[Round "9.17"]
[White "Torres, Mauricio"]
[Black "Florentin, Damaso"]
[Result "1/2-1/2"]
[WhiteElo "1724"]
[BlackElo "1743"]
[PlyCount "145"]
[EventDate "2011.05.16"]
[EventType "swiss"]
[EventRounds "9"]
[EventCountry "PAR"]
[Source "lmi"]
[SourceDate "2011.05.16"]

1. e4 d6 2. Nc3 c6 3. g3 e5 4. Bg2 Qc7 5. Nge2 Bg4 6. d3 Nd7 7. h3 Bh5 8. O-O
Ne7 9. Be3 Bg6 10. f4 f6 11. Kh1 Bf7 12. fxe5 dxe5 13. d4 Bg6 14. Rc1 Nb6 15.
b3 Nec8 16. d5 Ba3 17. Rb1 Bb4 18. dxc6 bxc6 19. a4 O-O 20. Na2 Be7 21. a5 Nd7
22. b4 Bf7 23. Nac3 Nd6 24. Qe1 Nc4 25. Nd1 Rfd8 26. g4 Nf8 27. Ng3 Ne6 28. Nf5
Bf8 29. Qg3 h6 30. Bc1 Nd2 31. Bxd2 Rxd2 32. Qc3 Rad8 33. Nde3 g6 34. Nh4 Qe7
35. Nd5 cxd5 36. Qxd2 dxe4 37. Qe1 Ng5 38. Kh2 Rd4 39. c3 Rd3 40. Bxe4 Rxh3+
41. Kg2 Rxh4 42. Qxh4 Nxe4 43. Rbe1 Bd5 44. Kh2 Kg7 45. c4 Ba8 46. c5 Ng5 47.
Re3 e4 48. Qe1 Qe6 49. Qc3 Be7 50. Rf4 Bd8 51. Rf2 Bc7+ 52. Kh1 Be5 53. Qd2 Bc6
54. Rg2 Bf4 55. Qe2 Bxe3 56. Qxe3 a6 57. Rd2 Qxg4 58. Rd6 Qh4+ 59. Kg2 Qg4+ 60.
Kf2 Nh3+ 61. Ke1 Bb5 62. c6 g5 63. c7 Ng1 64. Kd2 Nf3+ 65. Kc1 Ne5 66. Rd8 Bd7
67. Qb3 Qf4+ 68. Kb1 Qf1+ 69. Kc2 Qe2+ 70. Kb1 Qe1+ 71. Kc2 Qe2+ 72. Kb1 Qf1+
73. Kc2 1/2-1/2